| 000 | 00474nam a22001457a 4500 | ||
|---|---|---|---|
| 999 |
_c130363 _d130363 |
||
| 008 | 200214b ||||| |||| 00| 0 eng d | ||
| 050 |
_aB2430.M25 _bM117 |
||
| 100 |
_aMcAuliffe, Francis _949530 |
||
| 245 |
_aThe theme of incarnate being in the philosophy of Gabriel Marcel _cFrancis McAuliffe |
||
| 260 |
_aIreland _bNational University of Ireland _c1981 |
||
| 300 |
_avi, 208p. ; _c25cm. |
||
| 500 | _aThesis | ||
| 600 |
_amarcel, Gabriel _97329 |
||
| 942 |
_2lcc _cMONOGRAPH |
||